Zahraniční obchod Československa (1918-1937)
Obchodná politika medzivojnového Československa. Zahraničný obchod vo svetle makroekonomických ukazovateľov. Úroveň všeobecných colných sadzieb v Európe. Dovoz, vývoz a obrat československého zahraničného obchodu. Dovoz, vývoz a saldo zahraničného obchodu s vybranými štátmi.
Enregistré dans:
| Auteur principal: | |
|---|---|
| Format: | Chapitre de livre |
| Langue: | tchèque |
| Sujets: | |
| Tags: |
Pas de tags, Soyez le premier à ajouter un tag!
|
MARC
| LEADER | 00000naa a2200000 4500 | ||
|---|---|---|---|
| 001 | r034123 | ||
| 005 | 20231002105448.0 | ||
| 041 | 0 | |a cze | |
| 044 | |a CZ | ||
| 245 | 1 | 0 | |a Zahraniční obchod Československa (1918-1937) |c Jiří Kosta |
| 520 | |a Obchodná politika medzivojnového Československa. Zahraničný obchod vo svetle makroekonomických ukazovateľov. Úroveň všeobecných colných sadzieb v Európe. Dovoz, vývoz a obrat československého zahraničného obchodu. Dovoz, vývoz a saldo zahraničného obchodu s vybranými štátmi. | ||
| 610 | 2 | 0 | |a obchod zahraničný |
| 610 | 2 | 0 | |a politika obchodná |
| 610 | 2 | 0 | |a sadzby colné |
| 610 | 2 | 0 | |a dovoz |
| 610 | 2 | 0 | |a vývoz |
| 610 | 2 | 0 | |a bilancia platobná |
| 610 | 2 | 0 | |a obrat obchodu zahraničného |
| 610 | 2 | 0 | |a ukazovatele makroekonomické |
| 610 | 2 | 0 | |a Československo |
| 610 | 2 | 0 | |a 1918 |
| 610 | 2 | 0 | |a 1937 |
| 100 | 1 | |a Kosta, Jiří | |